Advanced Structural Inorganic Chemistry (Record no. 7165)
[ view plain ]
| 000 -LEADER | |
|---|---|
| fixed length control field | 01011cam a22003014a 4500 |
| 001 - CONTROL NUMBER | |
| control field | 16217212 |
| 003 - CONTROL NUMBER IDENTIFIER | |
| control field | OSt |
| 005 - DATE AND TIME OF LATEST TRANSACTION | |
| control field | 20211124112427.0 |
| 008 - FIXED-LENGTH DATA ELEMENTS--GENERAL INFORMATION | |
| fixed length control field | 100504s2008 ne a b 001 0 eng c |
| 010 ## - LIBRARY OF CONGRESS CONTROL NUMBER | |
| LC control number | 2010279124 |
| 015 ## - NATIONAL BIBLIOGRAPHY NUMBER | |
| National bibliography number | GBA768623 |
| Source | bnb |
| 016 7# - NATIONAL BIBLIOGRAPHIC AGENCY CONTROL NUMBER | |
| Record control number | 013828849 |
| Source | Uk |
| 020 ## - INTERNATIONAL STANDARD BOOK NUMBER | |
| International Standard Book Number | 9780199216956 |
| 035 ## - SYSTEM CONTROL NUMBER | |
| System control number | (OCoLC)ocn166625782 |
| 040 ## - CATALOGING SOURCE | |
| Original cataloging agency | UKM |
| Transcribing agency | DDC |
| Modifying agency | BAKER |
| -- | YDXCP |
| -- | BTCTA |
| -- | IQU |
| -- | VET |
| -- | ZWZ |
| -- | DLC |
| 042 ## - AUTHENTICATION CODE | |
| Authentication code | pcc |
| 050 00 - LIBRARY OF CONGRESS CALL NUMBER | |
| Classification number | QP531 |
| Item number | .C75 2008 |
| 082 00 - DEWEY DECIMAL CLASSIFICATION NUMBER | |
| Classification number | 546 WAU 2008 |
| 100 1# - MAIN ENTRY--PERSONAL NAME | |
| Personal name | Wai-Kee, Li; Zhou, Cong-Du; Chung, T. Wai Mak |
| 9 (RLIN) | 14747 |
| 245 10 - TITLE STATEMENT | |
| Title | Advanced Structural Inorganic Chemistry |
| 260 ## - PUBLICATION, DISTRIBUTION, ETC. (IMPRINT) | |
| Place of publication, distribution, etc. | Amsterdam ; |
| -- | Oxford University Press |
| Date of publication, distribution, etc. | 2008. |
| 300 ## - PHYSICAL DESCRIPTION | |
| Extent | xx,819p; |
| Other physical details | Ill: |
| Dimensions | 24.5 cm. |
| 504 ## - BIBLIOGRAPHY, ETC. NOTE | |
| Bibliography, etc | References, & index included |
| 650 #0 - SUBJECT ADDED ENTRY--TOPICAL TERM | |
| Topical term or geographic name as entry element | Inorganic chemistry |
| 9 (RLIN) | 797 |
| 906 ## - LOCAL DATA ELEMENT F, LDF (RLIN) | |
| a | 7 |
| b | cbc |
| c | pccadap |
| d | 2 |
| e | ncip |
| f | 20 |
| g | y-gencatlg |
| 942 ## - ADDED ENTRY ELEMENTS (KOHA) | |
| Source of classification or shelving scheme | Dewey Decimal Classification |
| Koha item type | Open Shelf |
| Withdrawn status | Lost status | Source of classification or shelving scheme | Damaged status | Not for loan | Home library | Current library | Date acquired | Source of acquisition | Inventory number | Total Checkouts | Full call number | Barcode | Date last seen | Koha item type |
|---|---|---|---|---|---|---|---|---|---|---|---|---|---|---|
| Dewey Decimal Classification | MUST Main Library | MUST Main Library | 24/11/2021 | Donation | 09/31409 | 546 WAU 2008 | 2021-1873 | 24/11/2021 | Open Shelf |
